Normal view
MARC view
- Paolucci , Massimo ,Sacile , Roberto
Entry Personal Name
001 - CONTROL NUMBER
- control field: 58607
003 - CONTROL NUMBER IDENTIFIER
- control field: NUST
005 - DATE AND TIME OF LATEST TRANSACTION
- control field: 20210628202157.0
008 - FIXED-LENGTH DATA ELEMENTS
- fixed length control field: 210628|| aca||aabn | a|a d
040 ## - CATALOGING SOURCE
- Original cataloging agency: NUST
- Transcribing agency: NUST
100 ## - HEADING--PERSONAL NAME
- Personal name: Paolucci , Massimo ,Sacile , Roberto
670 ## - SOURCE DATA FOUND
- Source citation: Work cat.: (NUST): Paolucci , Massimo ,Sacile , Roberto, Agent based manufacturing and control systems ,new agile manufacturing solutions for achieving peak performance, 2004
